Sports Quiz

Random Sports or NHL Quiz

NHL Leaders (1990s) Quiz Stats

 Plays Quiz not verified by Sporcle

Challenge
Share
Tweet
Embed
Score 0/81 Timer 15:00
1 Play Today
Points Player Name % Correct
1020Wayne Gretzky
98.7%
779Mario Lemieux
95.2%
918Steve Yzerman
93.9%
862Jaromir Jagr
93.8%
819Mark Messier
91.6%
917Joe Sakic
91.5%
896Brett Hull
90.7%
600Eric Lindros
89%
494Pavel Bure
87%
644Teemu Selanne
86.3%
715Mats Sundin
85.8%
480Claude Lemieux
85.8%
712Ray Bourque
85.6%
735Mike Modano
85.4%
927Adam Oates
84.3%
672Sergei Fedorov
83.9%
842Ron Francis
83.6%
725Brendan Shanahan
82.2%
659Kevin Stevens
81.9%
840Mark Recchi
81.5%
775Jeremy Roenick
81.3%
638Paul Coffey
80.5%
440Peter Forsberg
80.5%
783Luc Robitaille
78.8%
714Alexander Mogilny
78.3%
670Brian Leetch
78.3%
410Scott Stevens
78.3%
Points Player Name % Correct
607Pat LaFontaine
76.1%
448Jari Kurri
75.9%
820Theo Fleury
75.4%
793Doug Gilmour
75.4%
649Al MacInnis
74.9%
509Keith Tkachuk
74.4%
545Peter Bondra
73.4%
538John LeClair
73.2%
867Pierre Turgeon
71.5%
672Dave Andreychuk
71.4%
643Joe Nieuwendyk
69.8%
561Dale Hawerchuk
69.6%
520Chris Chelios
67.8%
423Niklas Lidstrom
67.5%
510Tony Amonte
66.5%
703Rod Brind'Amour
66.4%
574Trevor Linden
66.4%
374Cam Neely
66.1%
767Vincent Damphousse
64.4%
434Owen Nolan
63.2%
485Doug Weight
62.7%
534Dino Ciccarelli
60.3%
532Mike Gartner
60.2%
515Gary Roberts
59.6%
598Phil Housley
58.2%
594Larry Murphy
57.2%
488Adam Graves
56.4%
Points Player Name % Correct
644Pat Verbeek
54.2%
611Rick Tocchet
54%
419Wendel Clark
52.2%
526Bernie Nicholls
51.6%
405Denis Savard
50.8%
549Brian Bellows
50.6%
424Steve Larmer
47.9%
673Craig Janney
47.9%
527Kirk Muller
46.9%
409Joe Mullen
46.6%
582Steve Thomas
46.2%
540Stephane Richer
42.8%
446Dale Hunter
42.5%
514Tomas Sandstrom
41.4%
504John MacLean
40.1%
548Geoff Courtnall
39.7%
487Russ Courtnall
39.6%
406Keith Primeau
37.8%
451Ray Ferraro
37.7%
526Cliff Ronning
37.4%
429Joe Juneau
36.5%
529Ray Sheppard
34.2%
401Bobby Holik
33.2%
595Dave Gagner
31.3%
387Esa Tikkanen
30.7%
407Tony Granato
27.1%
381Calle Johansson
17.7%

You're not logged in!

Compare scores with friends on all Sporcle quizzes.
Join for Free
OR
Log In

You Might Also Like...

Show Comments

Extras

Created Jan 26, 2010ReportNominate
Tags:NHL Quiz, 1990, player, point

Top Quizzes Today


Score Distribution

Your Account Isn't Verified!

In order to create a playlist on Sporcle, you need to verify the email address you used during registration. Go to your Sporcle Settings to finish the process.

Report this User

Report this user for behavior that violates our Community Guidelines.

Details: